[Event "World Youth Championship"]
[Site "Maribor SLO"]
[Date "2012.11.10"]
[EventDate "2012.11.08"]
[Round "3.51"]
[Result "1/2-1/2"]
[White "Davor Draskovic"]
[Black "Bakai Esenbek Uulu"]
[WhiteElo "1852"]
[BlackElo "1984"]
[PlyCount "91"]

1. e4 c5 2. Nf3 e6 3. c4 Nc6 4. d4 cxd4 5. Nxd4 Nf6 6. Nc3 Bb4
7. Nxc6 bxc6 8. Bd3 e5 9. O-O O-O 10. Be3 Qa5 11. Bg5 Ne8
12. Bd2 d6 13. a3 Bxc3 14. Bxc3 Qb6 15. Qd2 f5 16. exf5 Bxf5
17. Bxf5 Rxf5 18. Rac1 Rb8 19. Qd3 Rf7 20. b4 Rd8 21. Qe3 Qxe3
22. fxe3 Rxf1+ 23. Kxf1 Kf7 24. c5 Ke6 25. cxd6 Rxd6 26. Ke2
Nf6 27. Be1 Kd7 28. Rc4 Kc7 29. Bg3 Nd7 30. Rh4 h6 31. Rh5 Re6
32. Rf5 g6 33. Rf7 h5 34. Rg7 Kc8 35. Bh4 a6 36. Kd3 Kc7
37. Ke4 Kd6 38. Rg8 Nb6 39. Rg7 Nd7 40. Rg8 Nb6 41. Rd8+ Kc7
42. Rd3 Nc4 43. Rc3 Nd6+ 44. Kd3 e4+ 45. Ke2 Nf5 46. Bg3+
1/2-1/2